| 000 | 01187cam a22003255a 4500 | ||
|---|---|---|---|
| 001 | 016035677 | ||
| 003 | OSt | ||
| 005 | 20160518153554.0 | ||
| 008 | 120214s2013 paua b |001 0|eng d | ||
| 020 | _a9781451175721 | ||
| 020 | _a1451175728 | ||
| 040 |
_aStDuBDS _beng _cStDuBDS _dUk _dEG-ScBUE _dEG-ScBUE |
||
| 082 | 0 | 4 |
_a616.0756 _222 _bFOY |
| 245 | 0 | 0 |
_aFoye's principles of medicinal chemistry / _cedited by Thomas L. Lemke ... [et al.] |
| 246 | 3 | 0 | _aMedicinal chemistry |
| 250 | _a7th ed., International ed. | ||
| 260 |
_aPhiladelphia : _bWolters Kluwer / Lippincott Williams & Wilkins, _cc.2013. |
||
| 300 |
_axviii, 1500 p. : _bill. (col.) ; _c29 cm. |
||
| 500 | _aPrevious edition published as by Thomas L. Lemke. 2008. | ||
| 500 | _aRevised edition of : Principles of medicinal chemistry. 1974. | ||
| 500 | _aIncludes indexes. | ||
| 500 | _aIncludes appendixes. | ||
| 504 | _aIncludes bibliographical references. | ||
| 650 | 7 |
_aPharmaceutical chemistry. _930027 _2BUEsh |
|
| 650 | 7 |
_aPharmacology. _912590 _2BUEsh |
|
| 651 | _2BUEsh | ||
| 653 |
_bPPhrm _cNovember2014 _cMarch2015 _cMay2016 |
||
| 700 | 1 |
_aLemke, Thomas L. _936681 _eeditor. |
|
| 942 |
_2ddc _k616.0756 FOY |
||
| 999 |
_c18678 _d18650 |
||